Ultrasound / (رقم التسجيلة. 21558)
[ عرض عادي ]
| 000 -الفاتح | |
|---|---|
| حقل البيانات ثابتة الطول | 02012nam a22004094a 4500 |
| 001 - رقم الضبط | |
| رقم الضبط | 71328354 |
| 003 - محدد رقم الضبط | |
| رقم الضبط | OCoLC |
| 005 - وقت وتاريخ اخر تعامل مع التسجيلة | |
| رقم الضبط | 20150408114015.0 |
| 008 - عناصر البيانات ثابتة الطول - معلومات عامة | |
| حقل البيانات ثابتة الطول | 060911s2007 gw a f 001 0 eng |
| 010 ## - رقم ضبط مكتبة الكونجرس | |
| رقم ضبط مكتبة الكونجرس | 2006029778 |
| 020 ## - الرقم الدولى المعيارى للكتب | |
| الرقم الدولى المعيارى للكتاب | 9783131427113 (GTV : alk. paper) |
| 020 ## - الرقم الدولى المعيارى للكتب | |
| الرقم الدولى المعيارى للكتاب | 3131427116 (GTV : alk. paper) |
| 020 ## - الرقم الدولى المعيارى للكتب | |
| الرقم الدولى المعيارى للكتاب | 9781588905529 (TNY : alk. paper) |
| 020 ## - الرقم الدولى المعيارى للكتب | |
| الرقم الدولى المعيارى للكتاب | 1588905527 (TNY : alk. paper) |
| 035 ## - رقم ضبط النظام | |
| رقم ضبط النظام | (OCoLC)71328354 |
| 040 ## - مصدر الفهرسة | |
| وكالة الفهرسة الأصلية | DNLM/DLC |
| وكالة النسخ | DLC |
| وكالة التعديل | NLM |
| -- | BAKER |
| -- | YDX |
| -- | YDXCP |
| -- | BTCTA |
| 041 1# - رمز اللغة | |
| رمز لغة النص/ المسارات الصوتية أو العنوان الانفرادي | eng |
| رمز لغة الترجمات و/او الاصلية المتوسطة للنص | ger |
| 042 ## - رمز التحقق | |
| رمز التحقق | pcc |
| 050 10 - رقم طلب مكتبة الكونجرس | |
| رقم التصنيف | RC78.7.U4 |
| رقم المادة | C47513 2007 |
| 060 00 - رقم الطلب بالمكتبة الطبية الوطنية | |
| رقم التصنيف | 2007 F-004 |
| 060 10 - رقم الطلب بالمكتبة الطبية الوطنية | |
| رقم التصنيف | WN 39 |
| رقم المادة | C514 2007a |
| 082 00 - رقم تصنيف ديوى العشرى | |
| رقم التصنيف | 616.07 |
| رقم الطبعة | 22 |
| 130 0# - المدخل الرئيسى - عنوان موحد | |
| عنوان موحد | Checkliste Sonographie. |
| لغة العمل | English. |
| 9 (RLIN) | 11631 |
| 245 10 - بيان العنوان | |
| العنوان | Ultrasound / |
| بيان المسئوليه,etc | [edited by] Guenter Schmidt ; with contributions by B. Beuscher-Willems ... [et al.] ; [translator, Terry Telger] |
| 260 ## - PUBLICATION, DISTRIBUTION, ETC. (IMPRINT) | |
| مكان الناشر او الموزع | Stuttgart ; |
| -- | New York : |
| اسم الناشر او الموزع | Thieme, |
| تاريخ النشر أو التوزيع | c2007. |
| 300 ## - الوصف المادى | |
| التعداد | x, 469 p. : |
| تفاصيل ماديه اخرى للوعاء | ill. (chiefly col.) ; |
| أبعاد الوعاء | 19 cm. |
| 440 #0 - بيان السلسلة/مدخل إضافى-العنوان | |
| العنوان | Thieme clinical companions. |
| 9 (RLIN) | 11632 |
| 500 ## - تبصرة عامة | |
| تبصرة عامة | "Authorized and revised translation of the 3rd German edition published and copyrighted 2005"--T.p. verso. |
| 500 ## - تبصرة عامة | |
| تبصرة عامة | Includes index. |
| 505 0# - تبصرة محتويات-الفهرس | |
| تبصرة المحتويات المصاغة | Basic physical and technical principles -- The ultrasound examination -- Ultrasound documentation and reporting -- Function studies -- Interventional ultrasound -- Principal signs and symptoms -- Arteries and veins -- Cervical vessels -- Liver -- Kidney and adrenal gland -- Pancreas -- Spleen -- Bile ducts -- Gallbladder -- Gastrointestinal tract -- Urogenital tract -- Thorax -- Thyroid gland -- Major salivary glands -- Postoperative ultrasound -- Search for occult tumors. |
| 650 #0 - المدخل الاضافى بالموضوع-مصطلح موضوعى | |
| مصطلح موضوعي أو اسم جغرافي كعنصر مدخل | Diagnostic ultrasonic imaging |
| التقسيم الفرعي الشكلي | Handbooks, manuals, etc. |
| 9 (RLIN) | 11633 |
| 650 12 - المدخل الاضافى بالموضوع-مصطلح موضوعى | |
| مصطلح موضوعي أو اسم جغرافي كعنصر مدخل | Ultrasonography |
| التقسيم الفرعي الشكلي | Handbooks. |
| 9 (RLIN) | 11634 |
| 700 1# - المدخل الاضافى - اسم شخصى | |
| الإسم الشخصى | Schmidt, Guenter. |
| 9 (RLIN) | 11635 |
| 700 1# - المدخل الاضافى - اسم شخصى | |
| الإسم الشخصى | Beuscher-Willems, B. |
| 9 (RLIN) | 11636 |
| 856 41 - الوصول و الموقع الالكترونى | |
| مواد محددة | Table of contents only |
| معرف المصدر الموحد | <a href="http://www.loc.gov/catdir/toc/ecip0620/2006029778.html">http://www.loc.gov/catdir/toc/ecip0620/2006029778.html</a> |
| 942 ## - عناصر المدخل الإضافي( كوها) | |
| مصدر التصنيف او مخطط الترفيف | Dewey Decimal Classification |
| Koha [default] item type | كتاب |
| حالة الفقد | نموذج السعر الفعال | حالة تلف | ليس للاعارة | رقم الطلب | تاريخ الاكتساب | الموقع الحالي | الباركود | الفرع الرئيسي | Date last checked out | Date last seen | نوع المادة فى نظام كوها | مصدر التصنيف او خطة الترفيف | Total Checkouts |
|---|---|---|---|---|---|---|---|---|---|---|---|---|---|
| 2013-03-10 | 616.07 U L T | 2012-04-23 | المكتبة المركزية بالمجمعة (CL) | 00085233 | المكتبة المركزية بالمجمعة (CL) | 2013-03-10 | كتاب | Dewey Decimal Classification | |||||
| 2013-03-10 | 616.07 U L T | 2012-04-23 | المكتبة المركزية بالمجمعة (CL) | 00085232 | المكتبة المركزية بالمجمعة (CL) | 2013-03-10 | كتاب | Dewey Decimal Classification | |||||
| 2013-03-10 | 616.07 U L T | 2012-04-19 | مكتبة كلية العلوم الطبية التطبيقية بالمجمعة - طالبات (AMF) | 00076508 | مكتبة كلية العلوم الطبية التطبيقية بالمجمعة - طالبات (AMF) | 2025-01-22 | 2025-01-28 | كتاب | Dewey Decimal Classification | 1 | |||
| 2013-03-10 | 616.07 U L T | 2012-04-19 | مكتبة كلية العلوم الطبية التطبيقية بالمجمعة - طالبات (AMF) | 00076511 | مكتبة كلية العلوم الطبية التطبيقية بالمجمعة - طالبات (AMF) | 2025-02-10 | 2025-02-17 | كتاب | Dewey Decimal Classification | 1 |
